banner koha

Rio Grande do Sul; regionalizacao de cultivares e linhagens de arroz irrigado [Oryza sativa L.; Brasil] (Registro n. 104488)

MARC details
000 -LÍDER
campo de controle de tamanho fixo 00975nas a2200325 4500
001 - NÚMERO DE CONTROLE
campo de controle BR8003164
003 - IDENTIFICADOR DO NÚMERO DE CONTROLE
campo de controle BR-BrBNA
005 - DATA E HORÁRIO DA ÚLTIMA TRANSAÇÃO
campo de controle 20231205084324.0
007 - CAMPO FIXO DE DESCRIÇÃO FÍSICA--INFORMAÇÃO GERAL
campo de controle de tamanho fixo ta
008 - CAMPO DE DADOS FIXOS--INFORMAÇÃO GERAL
campo de controle de tamanho fixo 230509b bl.|||p| |||| 00| 00por d
040 ## - FONTE DA CATALOGAÇÃO
Instituição da catalogação original BR-BrBNA
Idioma da catalogação por
Instituição que transcreveu o registro Biblioteca Nacional de Agricultura
041 ## - CÓDIGO DE IDIOMA
Código do idioma do texto/trilha sonora ou título diferente (Pt)
072 ## - CÓDIGO DE CATEGORIA DE ASSUNTO
Código de Categoria de Assunto F30
100 1# - ENTRADA PRINCIPAL--NOME PESSOAL
Nome pessoal Cabral, J.T.
100 1# - ENTRADA PRINCIPAL--NOME PESSOAL
Nome pessoal Souza, P.R. de
100 1# - ENTRADA PRINCIPAL--NOME PESSOAL
Nome pessoal Carmona. P.S.
100 1# - ENTRADA PRINCIPAL--NOME PESSOAL
Nome pessoal Terres, A.L.
100 1# - ENTRADA PRINCIPAL--NOME PESSOAL
Nome pessoal Ribeiro, A.S.
100 1# - ENTRADA PRINCIPAL--NOME PESSOAL
Nome pessoal Goncalo, J.F.P.
100 1# - ENTRADA PRINCIPAL--NOME PESSOAL
Nome pessoal Galli, J.
245 1# - TÍTULO
Título Rio Grande do Sul; regionalizacao de cultivares e linhagens de arroz irrigado [Oryza sativa L.; Brasil]
650 ## - ASSUNTO--TERMO TÓPICO
Cabeçalho tópico ou nome geográfico Melhoramento genetico vegetal
650 ## - ASSUNTO--TERMO TÓPICO
Cabeçalho tópico ou nome geográfico Arroz
650 ## - ASSUNTO--TERMO TÓPICO
Cabeçalho tópico ou nome geográfico Variedade
650 ## - ASSUNTO--TERMO TÓPICO
Cabeçalho tópico ou nome geográfico Linhagem
650 ## - ASSUNTO--TERMO TÓPICO
Cabeçalho tópico ou nome geográfico Rio Grande do Sul
773 0# - ENTRADA ANALÍTICA
Título Lavoura Arrozeira (Brazil)
ISSN - International Standard Serial Number ISSN 0023-9143
Partes relacionadas (Apr 1980), v. 33(319) p. 50-52,54,56,58,60,62
Número de controle do registro BR8003164
909 ## -
-- 202311
-- Lúcia
-- 55
-- Lúcia Elande
942 ## - ELEMENTOS DE ENTRADA ADICIONADOS (KOHA)
Fonte da classificação ou esquema de arquivamento na estante Classificação AGRIS
Ocultar no OPAC Não
Tipo de material Koha Analítica
Exemplares
Situação do descarte Fonte da classificação ou esquema de arquivamento na estante Situação física Não pode ser emprestado Biblioteca de origem Biblioteca atual Localização na estante Enumeração do periódico / cronologia Total de empréstimos Data de último acesso Número do exemplar Tipo de material Koha Fonte de aquisição
  Classificação AGRIS   Consulta local Biblioteca Nacional de Agricultura - Binagri Biblioteca Nacional de Agricultura - Binagri   (Apr 1980), v. 33(319) p. 50-52,54,56,58,60,62   29/11/2023 01 Periódicos Portaria Interministerial nº 164/94

BINAGRI

Telefone: (61)3218-2567/2388/3357/2097 - binagri@agro.gov.br

Ministério da Agricultura e Pecuária , Esplanada dos Ministérios, Bloco D, Anexo B, Brasília/DF, CEP: 70.043-900